000
00330nam a22001577a 4500
003
SGT
020
_a
978-93-5250-005-5
082
_a
617.7
_b
B16J
100
_a
JOGI,RENU
245
_a
BASIC OPHTHALMOLOGY
250
_a
5TH
260
_a
NEW DELHI
_b
JAYPEE PUB
_c
2016
300
_a
576
650
_a
AYURVDA
942
_2
ddc
_c
BK
_0
3
999
_c
14928
_d
14928